[Event "11e Open International de La Fere"]
[Site "La Fere (FRA)"]
[Date "2012.07.11"]
[Round "6.41"]
[White "Koechler, Thomas"]
[Black "Gaudin, Roger"]
[Result "1-0"]
[WhiteElo "1960"]
[BlackElo "1506"]
[PlyCount "53"]
[EventDate "2012.??.??"]

1. e4 e6 2. d4 d5 3. Nd2 Nf6 4. e5 Nfd7 5. f4 c5 6. Ngf3 Nc6 7. c3 Qb6 8. Nb3
c4 9. Nbd2 f6 10. Qc2 Be7 11. g4 Nf8 12. h4 Bd7 13. g5 O-O-O 14. h5 fxg5 15.
Nxg5 Be8 16. b3 h6 17. Ngf3 g6 18. bxc4 gxh5 19. cxd5 Bg6 20. Bd3 Bxd3 21. Qxd3
Rxd5 22. Rxh5 Ng6 23. Qxg6 Na5 24. Qg7 Qd8 25. Rxh6 Rg8 26. Qf7 Rd7 27. Qxe6
1-0

[Event "11e Open International de La Fere"]
[Site "La Fere (FRA)"]
[Date "2012.07.11"]
[Round "6.42"]
[White "Urbaniak, Patrick"]
[Black "Tonneau, Bastien"]
[Result "1-0"]
[WhiteElo "1918"]
[BlackElo "1504"]
[PlyCount "95"]
[EventDate "2012.??.??"]

1. c4 Nf6 2. Nc3 Nc6 3. e4 e5 4. g3 Bb4 5. Nge2 O-O 6. Bg2 d6 7. O-O Bg4 8. h3
Be6 9. Nd5 Bc5 10. d3 h6 11. a3 Nd4 12. b4 Nxe2+ 13. Qxe2 Bd4 14. Rb1 c6 15.
Ne3 b6 16. Nc2 c5 17. Nxd4 cxd4 18. f4 Rc8 19. f5 Bd7 20. g4 b5 21. cxb5 Bxb5
22. Bd2 Rc2 23. Rfc1 Ra2 24. Ra1 Rb2 25. a4 Bd7 26. Rc4 Qa8 27. Qd1 Rc8 28. Qc1
Rxc4 29. dxc4 Rb3 30. Qc2 Rg3 31. Kh2 Rxg2+ 32. Kxg2 Nxe4 33. Kh2 Nf2 34. Kg3
Nxh3 35. Rf1 Bc6 36. Bc1 Be4 37. Qh2 Ng5 38. Bxg5 hxg5 39. f6 Bd3 40. Rh1 Qxh1
41. Qxh1 Bxc4 42. Qa8+ Kh7 43. fxg7 Kxg7 44. Qd8 d3 45. Qxd6 e4 46. Qd4+ f6 47.
Qxe4 d2 48. Qd4 1-0

[Event "11e Open International de La Fere"]
[Site "La Fere (FRA)"]
[Date "2012.07.11"]
[Round "6.43"]
[White "Delias, Alexis"]
[Black "Perrin, Yves"]
[Result "1-0"]
[WhiteElo "1499"]
[BlackElo "1890"]
[PlyCount "70"]
[EventDate "2012.??.??"]

1. d4 e6 2. c4 f5 3. Nf3 Nf6 4. Nc3 c6 5. Bf4 Be7 6. e3 O-O 7. Qc2 d5 8. Bd3
Ne4 9. O-O-O Na6 10. a3 Qa5 11. Bxe4 fxe4 12. Ne5 Bf6 13. h4 Bxe5 14. Bxe5 b5
15. c5 b4 16. Nb1 bxa3 17. bxa3 Nc7 18. h5 Ba6 19. f3 Rab8 20. fxe4 Rxb1+ 21.
Qxb1 Qc3+ 22. Qc2 Qxa3+ 23. Qb2 Qxe3+ 24. Qd2 Qa3+ 25. Qb2 Qe3+ 26. Rd2 Nb5 27.
Rh3 Rf1+ 28. Kc2 Na3+ 29. Qxa3 Qxe4+ 30. Kc3 Qb1 31. Qb2 Rc1+ 32. Rc2 Rxc2+ 33.
Qxc2 Qe1+ 34. Kb2 Bc4 35. Rg3 Qb4+ 1-0

[Event "11e Open International de La Fere"]
[Site "La Fere (FRA)"]
[Date "2012.07.11"]
[Round "6.44"]
[White "Molet, Asher"]
[Black "Cossutta, Nello"]
[Result "1-0"]
[WhiteElo "1844"]
[BlackElo "1455"]
[PlyCount "95"]
[EventDate "2012.??.??"]

1. d4 Nf6 2. Nf3 d5 3. Bf4 e6 4. e3 c5 5. c3 Nc6 6. Bd3 cxd4 7. exd4 Be7 8.
Nbd2 a5 9. O-O b6 10. Qe2 O-O 11. Rfe1 Nb8 12. Qe5 Nbd7 13. Qe2 Nb8 14. Qd1 Ba6
15. Bc2 b5 16. Ne5 b4 17. cxb4 Bxb4 18. Re3 Qc8 19. Rc1 Qb7 20. Nf1 Bxf1 21.
Kxf1 Nbd7 22. Rd3 Be7 23. Rb3 Qa6+ 24. Bd3 Qd6 25. Ng6 e5 26. dxe5 Nxe5 27.
Bxe5 Qe6 28. Nxe7+ Qxe7 29. Bxf6 Qxf6 30. Be2 Qe5 31. Kg1 Rab8 32. a3 d4 33.
Rxb8 Rxb8 34. b4 axb4 35. axb4 g6 36. Rc5 Qd6 37. Qe1 Qb6 38. g3 d3 39. Rd5 Rd8
40. Rxd8+ Qxd8 41. Qd2 Qd4 42. Kg2 Kg7 43. Bf1 h6 44. Bxd3 h5 45. h4 f6 46. b5
f5 47. Kg1 Qa1+ 48. Kh2 1-0

[Event "11e Open International de La Fere"]
[Site "La Fere (FRA)"]
[Date "2012.07.11"]
[Round "6.45"]
[White "Sergent, Paul"]
[Black "Boudier, Eric"]
[Result "0-1"]
[WhiteElo "1430"]
[BlackElo "1810"]
[PlyCount "125"]
[EventDate "2012.??.??"]

1. e4 d5 2. exd5 Nf6 3. Nf3 Qxd5 4. Nc3 Qa5 5. d4 Bg4 6. Be2 e6 7. a3 Nc6 8.
O-O O-O-O 9. Be3 Bd6 10. b4 Qh5 11. h3 Bxf3 12. Bxf3 Qf5 13. Qb1 e5 14. d5 Nd4
15. Bxd4 exd4 16. Nb5 Be5 17. Qc1 a6 18. Nxd4 Bxd4 19. c3 Be5 20. Qe3 Qf4 21.
Qxf4 Bxf4 22. c4 Rhe8 23. g3 Bh6 24. Rfd1 Ne4 25. Rd3 f5 26. c5 Re5 27. Rad1
Nf6 28. a4 Rde8 29. Kf1 g6 30. d6 Rd8 31. c6 bxc6 32. Bxc6 Bf8 33. d7+ Kb8 34.
a5 Bd6 35. f4 Re6 36. b5 axb5 37. Bxb5 Nxd7 38. Bxd7 Rxd7 39. Rb3+ Ka7 40. Ra1
Bc5 41. a6 Bb6 42. g4 fxg4 43. Kg2 Rd2+ 44. Kg3 gxh3 45. Kxh3 Re4 46. Kg4 Rf2
47. Rf3 Rxf3 48. Kxf3 Re6 49. Kg4 Bd4 50. Rc1 c5 51. f5 gxf5+ 52. Kxf5 Rxa6 53.
Rh1 h6 54. Ke4 Rd6 55. Kd3 Kb6 56. Kc4 Kc6 57. Rh3 Rg6 58. Rh5 Be3 59. Rh3 Rg4+
60. Kd3 Bg5 61. Rh1 c4+ 62. Kc2 Kc5 63. Kc3 0-1

[Event "11e Open International de La Fere"]
[Site "La Fere (FRA)"]
[Date "2012.07.11"]
[Round "6.46"]
[White "Chachiachvili, Loma"]
[Black "Poulain, Andre"]
[Result "0-1"]
[WhiteElo "1397"]
[BlackElo "1806"]
[PlyCount "74"]
[EventDate "2012.??.??"]

1. e4 c5 2. Nf3 d6 3. Nc3 a6 4. Bd3 Nf6 5. Bc4 b5 6. Bd5 Nxd5 7. Nxd5 e6 8. Ne3
Bb7 9. d3 Be7 10. O-O Nd7 11. Bd2 Qc7 12. Qe2 Rc8 13. b3 Bf6 14. Rac1 g6 15. g3
O-O 16. c4 b4 17. Rfe1 Nb6 18. Ng4 Bg7 19. Bh6 f6 20. Bxg7 Qxg7 21. d4 h5 22.
Ne3 Bxe4 23. dxc5 dxc5 24. Nc2 Bf5 25. Ne3 Bh3 26. Kh1 Qb7 27. Rg1 Nd7 28. g4
h4 29. Ng2 Bxg4 30. Nge1 Bf5 31. Rf1 Ne5 32. Kg1 Bg4 33. Kg2 Qc7 34. h3 Bh5 35.
Kh1 Rcd8 36. Qe4 f5 37. Qxe5 Qc6 0-1

[Event "11e Open International de La Fere"]
[Site "La Fere (FRA)"]
[Date "2012.07.11"]
[Round "6.47"]
[White "Galoppa, Ludovic"]
[Black "Caloone, Jules"]
[Result "1-0"]
[WhiteElo "1799"]
[BlackElo "1440"]
[PlyCount "79"]
[EventDate "2012.??.??"]

1. c4 e5 2. Nc3 Nf6 3. g3 Bc5 4. Bg2 d6 5. Nf3 Nc6 6. O-O Be6 7. d3 h6 8. a3
Qd7 9. e4 Bh3 10. Nd5 Bxg2 11. Nxf6+ gxf6 12. Kxg2 O-O-O 13. b4 Bd4 14. Rb1 h5
15. b5 Nb8 16. Nxd4 exd4 17. h3 f5 18. Qf3 fxe4 19. Qxe4 h4 20. g4 Rhg8 21.
Qxd4 b6 22. Kh2 f5 23. f3 Rdf8 24. Be3 fxg4 25. fxg4 Re8 26. Rf4 Rgf8 27. Rbf1
Qe7 28. Rxf8 Rxf8 29. Rxf8+ Qxf8 30. Qf4 Qg7 31. Bd4 Qe7 32. Qe4 Qf7 33. Qf5+
Qxf5 34. gxf5 Nd7 35. Kg2 Ne5 36. Bxe5 dxe5 37. Kf3 Kd7 38. Kg4 Ke7 39. Kxh4
Kf6 40. Kg4 1-0

[Event "11e Open International de La Fere"]
[Site "La Fere (FRA)"]
[Date "2012.07.11"]
[Round "6.48"]
[White "De Brouwere, Johan"]
[Black "Castien, Annie"]
[Result "1-0"]
[WhiteElo "1786"]
[BlackElo "1275"]
[PlyCount "96"]
[EventDate "2012.??.??"]

1. d4 d5 2. Nf3 Bf5 3. c4 e6 4. Nc3 Bb4 5. e3 Nf6 6. Qa4+ Nc6 7. Ne5 Qd6 8. c5
Bxc3+ 9. bxc3 Qd8 10. Bb5 O-O 11. Nxc6 bxc6 12. Bxc6 Ne4 13. Qa3 Rb8 14. Bd2
Qg5 15. g3 Qg4 16. Ba4 Qf3 17. Rf1 Bh3 18. Bd1 Qg2 19. Be2 Qxh2 20. O-O-O Bxf1
21. Rxf1 Nxf2 22. Be1 Qg2 23. Bxf2 Qe4 24. Kd2 Rb7 25. Bd3 Qf3 26. Qc1 Rfb8 27.
Kc2 c6 28. c4 Qh5 29. Be1 Qh2+ 30. Bf2 Qh6 31. cxd5 exd5 32. Qa3 g6 33. Qc1 f5
34. Kc3 a5 35. Qa3 Ra8 36. Qa4 Ra6 37. Bxa6 Rc7 38. Qxa5 Qg7 39. Rb1 h5 40. Qb6
Kh7 41. Rb2 Kh6 42. Qb8 Kg5 43. Qd8+ Re7 44. Rb7 Kg4 45. Be2+ Kh3 46. Qxe7 Qxe7
47. Rxe7 Kg2 48. Be1 h4 1-0

[Event "11e Open International de La Fere"]
[Site "La Fere (FRA)"]
[Date "2012.07.11"]
[Round "6.49"]
[White "Vekemans, Paul"]
[Black "Lamotte, Estelle"]
[Result "0-1"]
[WhiteElo "1781"]
[BlackElo "1210"]
[PlyCount "60"]
[EventDate "2012.??.??"]

1. f4 d5 2. Nf3 Nc6 3. e3 Nf6 4. Bb5 Bd7 5. O-O e6 6. Nc3 Be7 7. b3 Ne4 8. Nxe4
dxe4 9. Bxc6 Bxc6 10. Nd4 Bd7 11. d3 f5 12. dxe4 fxe4 13. Qh5+ g6 14. Qe2 Bf6
15. Rb1 a6 16. Rd1 e5 17. fxe5 Bxe5 18. Bb2 Qf6 19. Rf1 Qd6 20. c4 O-O-O 21. g3
h5 22. Qg2 h4 23. Qxe4 hxg3 24. hxg3 Bxg3 25. Nf3 Bc6 26. Qg4+ Kb8 27. Bxh8
Rxh8 28. e4 Bh2+ 29. Kg2 Bxe4 30. Rh1 Qd2+ 0-1

[Event "11e Open International de La Fere"]
[Site "La Fere (FRA)"]
[Date "2012.07.11"]
[Round "6.50"]
[White "Menjour, Mohamed"]
[Black "Tonneau, Antoine"]
[Result "1-0"]
[WhiteElo "1770"]
[BlackElo "1150"]
[PlyCount "27"]
[EventDate "2012.??.??"]

1. Nf3 d5 2. d4 Nc6 3. Bf4 b6 4. e3 g6 5. c4 e6 6. Nc3 Bb4 7. a3 Nf6 8. Bg5 O-O
9. Ne5 Na5 10. Qf3 Bb7 11. Bxf6 Qd6 12. Qf4 dxc4 13. Qh6 Nb3 14. Qg7# 1-0

[Event "11e Open International de La Fere"]
[Site "La Fere (FRA)"]
[Date "2012.07.12"]
[Round "7.1"]
[White "Godart, Francois"]
[Black "Georgiev, Vladimir"]
[Result "1/2-1/2"]
[WhiteElo "2317"]
[BlackElo "2562"]
[PlyCount "50"]
[EventDate "2012.??.??"]

1. d4 Nf6 2. Nc3 d5 3. Bg5 h6 4. Bxf6 exf6 5. e3 c6 6. Bd3 g6 7. Nge2 f5 8. O-O
Nd7 9. f3 Bg7 10. e4 fxe4 11. fxe4 dxe4 12. Nxe4 O-O 13. c3 Qb6 14. Qb3 Qxb3
15. axb3 Nb6 16. Nd6 Be6 17. b4 Rfb8 18. Nf4 Bf8 19. Nxe6 Bxd6 20. Nc5 Nd5 21.
Bc4 Bxc5 22. bxc5 Rd8 23. Rae1 Rd7 24. Bxd5 cxd5 25. b4 a6 1/2-1/2

[Event "11e Open International de La Fere"]
[Site "La Fere (FRA)"]
[Date "2012.07.12"]
[Round "7.2"]
[White "Degraeve, Jean-Marc"]
[Black "Mancini, Mario"]
[Result "1-0"]
[WhiteElo "2580"]
[BlackElo "2282"]
[PlyCount "79"]
[EventDate "2012.??.??"]

1. e4 c5 2. Nc3 e6 3. Nf3 a6 4. d4 cxd4 5. Nxd4 b5 6. Bd3 Qb6 7. Nf3 Qc7 8. e5
Nc6 9. Bf4 Nge7 10. Bg3 Ng6 11. Qe2 b4 12. Nd1 Bb7 13. O-O d6 14. exd6 Bxd6 15.
Be4 O-O 16. c3 Bxg3 17. hxg3 a5 18. Re1 Nce7 19. a3 Nd5 20. axb4 axb4 21. Rxa8
Rxa8 22. c4 Nf6 23. Bxb7 Qxb7 24. Nd4 Nd7 25. Nb3 h6 26. Ne3 Ne7 27. c5 Ne5 28.
Nc4 Nxc4 29. Qxc4 Nc6 30. Rd1 Qc7 31. Rd6 Na5 32. Qe4 Rc8 33. Nxa5 Qxa5 34. c6
Qc5 35. Rxe6 f5 36. Qf3 Rc7 37. Qh5 Qc1+ 38. Kh2 Rxc6 39. Qe8+ Kh7 40. Qg6+ 1-0

[Event "11e Open International de La Fere"]
[Site "La Fere (FRA)"]
[Date "2012.07.12"]
[Round "7.4"]
[White "Jerez Perez, Alfonso"]
[Black "Forthofer, Robert"]
[Result "1-0"]
[WhiteElo "2407"]
[BlackElo "2259"]
[PlyCount "93"]
[EventDate "2012.??.??"]

1. e4 c5 2. Nf3 d6 3. d4 cxd4 4. Nxd4 Nf6 5. Nc3 g6 6. g3 Bg7 7. Bg2 O-O 8. O-O
a6 9. a4 Nbd7 10. Nd5 Nc5 11. Re1 a5 12. h3 Bd7 13. b3 Bc6 14. Bb2 Nfxe4 15.
Bxe4 Nxe4 16. Nxc6 bxc6 17. Bxg7 Kxg7 18. Qd4+ Kg8 19. Nxe7+ Qxe7 20. Rxe4 Qd7
21. h4 Rfe8 22. Rae1 Rxe4 23. Qxe4 Rc8 24. Qe7 Qf5 25. Qxd6 Qxc2 26. Re3 h5 27.
Kg2 Qf5 28. Re5 Qc2 29. Re3 Qf5 30. Re5 Qc2 31. Qd7 Rb8 32. Re3 Qc5 33. Rd3 Kg7
34. Qc7 Re8 35. Qd6 Qf5 36. Qd4+ Kg8 37. Rc3 Qb1 38. Rxc6 Qxb3 39. Rc5 Qb4 40.
Qxb4 axb4 41. Rb5 Re4 42. a5 Kg7 43. Kf3 f5 44. Rb7+ Kf6 45. a6 Re6 46. a7 Ra6
47. Rb6+ 1-0

[Event "11e Open International de La Fere"]
[Site "La Fere (FRA)"]
[Date "2012.07.12"]
[Round "7.5"]
[White "Llaneza Vega, Patricia"]
[Black "Thomas, Olivier"]
[Result "1-0"]
[WhiteElo "2225"]
[BlackElo "1998"]
[PlyCount "79"]
[EventDate "2012.??.??"]

1. e4 c5 2. Nf3 e6 3. d4 cxd4 4. Nxd4 Nf6 5. Nc3 Nc6 6. Ndb5 d6 7. Bf4 e5 8.
Bg5 a6 9. Na3 b5 10. Nd5 Be7 11. Bxf6 Bxf6 12. c4 b4 13. Nc2 a5 14. g3 O-O 15.
h4 Nb8 16. Bg2 Na6 17. O-O Nc5 18. Nce3 g6 19. a3 bxa3 20. Rxa3 Bb7 21. h5 Bg7
22. hxg6 fxg6 23. Qd2 Bc6 24. b4 axb4 25. Rxa8 Bxa8 26. Qxb4 Rf7 27. Qa3 Bxd5
28. cxd5 Rb7 29. Nc4 Bf8 30. Qf3 Rb4 31. Qe2 Qb8 32. Bh3 Bh6 33. Be6+ Kh8 34.
Kg2 Bf8 35. Ra1 Nxe6 36. dxe6 Qe8 37. Ne3 Rxe4 38. Qf3 Rxe3 39. fxe3 Qe7 40.
Rf1 1-0

[Event "11e Open International de La Fere"]
[Site "La Fere (FRA)"]
[Date "2012.07.12"]
[Round "7.6"]
[White "Derigny, Philippe"]
[Black "Dumas, Victor"]
[Result "1/2-1/2"]
[WhiteElo "1977"]
[BlackElo "2064"]
[PlyCount "108"]
[EventDate "2012.??.??"]

1. e4 e5 2. Nf3 Nc6 3. d4 exd4 4. Nxd4 Bb4+ 5. c3 Bc5 6. Be3 Bb6 7. Nxc6 bxc6
8. Bxb6 axb6 9. Bd3 Ne7 10. O-O O-O 11. Qc2 Ba6 12. Nd2 Ng6 13. Bxa6 Rxa6 14.
f4 Re8 15. g3 d5 16. e5 f6 17. Qd3 Ra8 18. exf6 Qxf6 19. a3 Re7 20. Rae1 Rae8
21. Nf3 Nf8 22. Rxe7 Rxe7 23. Re1 Rxe1+ 24. Nxe1 Nd7 25. Qe3 Kf7 26. Nd3 c5 27.
h4 Qf5 28. Qe2 c4 29. Nb4 Nc5 30. Nc6 Ne4 31. Ne5+ Ke6 32. Kg2 c5 33. Qe3 h5
34. a4 Kd6 35. Nf3 Qd7 36. Ne5 Qf5 37. Nf3 Kc7 38. Ng5 Kd6 39. Nf3 Qe6 40. Ne5
Qe8 41. Qd2 Nf6 42. Qd1 Kc7 43. b3 cxb3 44. Qxb3 Qe6 45. Qb5 Nd7 46. Nxd7 Qxd7
47. Qe2 g6 48. Qe5+ Kb7 49. Kf2 Ka6 50. Qh8 Kb7 51. Qe5 Qf5 52. Qe7+ Ka6 53.
Qe2+ Kb7 54. Qe7+ Ka6 1/2-1/2

[Event "11e Open International de La Fere"]
[Site "La Fere (FRA)"]
[Date "2012.07.12"]
[Round "7.7"]
[White "Soriano, Jean-Claude"]
[Black "Arnaudov, G. Petar"]
[Result "0-1"]
[WhiteElo "1730"]
[BlackElo "2486"]
[PlyCount "66"]
[EventDate "2012.??.??"]

1. d4 Nf6 2. c4 Nc6 3. Nf3 e6 4. a3 d6 5. Nc3 g6 6. Bg5 h6 7. Bf4 g5 8. Bg3 Nh5
9. e3 Bg7 10. Nd2 Nxg3 11. hxg3 Qe7 12. f4 Bd7 13. Qf3 O-O-O 14. O-O-O Rde8 15.
Bd3 Kb8 16. Nb3 Nd8 17. Rde1 c5 18. Kc2 Nc6 19. d5 Bxc3 20. Kxc3 Qf6+ 21. Kc2
Ne7 22. fxg5 Qxg5 23. Qf4 Qxf4 24. exf4 exd5 25. cxd5 Nxd5 26. Rxe8+ Rxe8 27.
Rxh6 c4 28. Bxc4 Ne3+ 29. Kd3 Bf5+ 30. Kc3 Rc8 31. Nd2 Nxc4 32. Nxc4 d5 33. Kd4
dxc4 0-1

[Event "11e Open International de La Fere"]
[Site "La Fere (FRA)"]
[Date "2012.07.12"]
[Round "7.9"]
[White "Rouffignac, Marie"]
[Black "Sobry, Sebastien"]
[Result "0-1"]
[WhiteElo "1689"]
[BlackElo "2039"]
[PlyCount "118"]
[EventDate "2012.??.??"]

1. e4 c5 2. Nf3 e6 3. d3 Nc6 4. g3 Nf6 5. Bg2 Be7 6. O-O d6 7. Re1 O-O 8. Nbd2
d5 9. e5 Nd7 10. Nf1 Qc7 11. Qe2 b5 12. h4 Re8 13. N1h2 a5 14. h5 a4 15. Ng4 b4
16. h6 g6 17. Bg5 Bxg5 18. Nxg5 Qd8 19. Qd2 Qe7 20. c4 bxc3 21. bxc3 Rb8 22. c4
Ndxe5 23. Nxe5 Nxe5 24. f4 Ng4 25. cxd5 Qf6 26. Bf3 Rb2 27. Qxb2 Qxb2 28. Bxg4
Qd4+ 29. Kh2 Qxd5 30. Ne4 Qd4 31. Be2 Bb7 32. Bf1 c4 33. Rad1 c3 34. Rc1 Rc8
35. Rc2 Ba6 36. Rec1 Bxd3 37. Rxc3 Rxc3 38. Rxc3 f5 39. Rxd3 Qxe4 40. Rd8+ Kf7
41. Rd7+ Kf6 42. Rxh7 g5 43. Rd7 gxf4 44. h7 fxg3+ 45. Kxg3 Qe3+ 46. Kg2 Qg5+
47. Kf2 Qh4+ 48. Kg2 Ke5 49. Bb5 Ke4 50. Ba6 Qg4+ 51. Kf1 Qf3+ 52. Kg1 Qg3+ 53.
Kf1 Qh3+ 54. Kg1 e5 55. Bd3+ Kf4 56. Bc4 e4 57. Bg8 Qg3+ 58. Kh1 Kf3 59. Rg7
Qxg7 0-1

[Event "11e Open International de La Fere"]
[Site "La Fere (FRA)"]
[Date "2012.07.12"]
[Round "7.10"]
[White "Van Poucke, Anthony"]
[Black "Barbaut, Michel"]
[Result "0-1"]
[WhiteElo "1611"]
[BlackElo "2032"]
[PlyCount "62"]
[EventDate "2012.??.??"]

1. e4 e6 2. d4 d5 3. Nc3 Nf6 4. e5 Nfd7 5. f4 c5 6. Nf3 Nc6 7. Be3 Be7 8. g3
O-O 9. Bh3 Qb6 10. Na4 Qa5+ 11. Nc3 cxd4 12. Nxd4 Bb4 13. Nde2 Nb6 14. O-O Nc4
15. Qc1 Nxe3 16. Rf3 Nf5 17. Bxf5 exf5 18. Rd3 Qc5+ 19. Kg2 Be6 20. Na4 Qa5 21.
Nac3 Rad8 22. Qd1 Bxc3 23. bxc3 Rd7 24. Qg1 Qa4 25. Qd1 Na5 26. Nd4 Nc4 27. Qc1
Rc7 28. Nb3 Rfc8 29. Rd4 Qa3 30. Rxc4 Qxc1 31. Rxc7 Qxc2+ 0-1

[Event "11e Open International de La Fere"]
[Site "La Fere (FRA)"]
[Date "2012.07.12"]
[Round "7.11"]
[White "Waquet, Frederic"]
[Black "Durot, Edwige"]
[Result "1-0"]
[WhiteElo "1966"]
[BlackElo "1713"]
[PlyCount "141"]
[EventDate "2012.??.??"]

1. e4 c5 2. Nc3 a6 3. f4 b5 4. g3 Bb7 5. Bg2 e6 6. Qe2 d6 7. Nf3 Nd7 8. O-O Qc7
9. d3 Ne7 10. f5 e5 11. Ng5 Nf6 12. Be3 h6 13. Nh3 b4 14. Nd1 Nc6 15. c3 Be7
16. Ndf2 a5 17. Ng4 Rc8 18. Nhf2 Nh7 19. h4 Nb8 20. Rac1 bxc3 21. bxc3 Nd7 22.
d4 Nhf6 23. Rfd1 Bd8 24. Rb1 Rb8 25. Rb2 Ba6 26. Qd2 Rxb2 27. Qxb2 Nxg4 28.
Nxg4 Nf6 29. Nxf6+ Bxf6 30. dxc5 dxc5 31. Rd5 Be7 32. Bf1 Bxf1 33. Kxf1 O-O 34.
Qd2 Rd8 35. Rxd8+ Bxd8 36. Bxc5 Bxh4 37. Qd6 Qxd6 38. Bxd6 Bxg3 39. a4 f6 40.
Bc7 Bf4 41. Bxa5 Be3 42. Bb4 Kf7 43. Ke2 Ba7 44. Kf3 g6 45. Kg4 h5+ 46. Kg3 g5
47. c4 Ke8 48. a5 Kd7 49. Bf8 Ke8 50. Bb4 Kd7 51. Kf3 Ke8 52. a6 Kd7 53. Ba5
Bc5 54. Bb4 Ba7 55. Bf8 Ke8 56. Bd6 Kd8 57. c5 Kd7 58. Kg3 g4 59. Bf8 Kc6 60.
Be7 Kb5 61. Bxf6 Bxc5 62. Be7 Be3 63. a7 Bxa7 64. f6 Be3 65. f7 Bh6 66. Kh4 Bg7
67. Bd6 Kc4 68. Bxe5 Bf8 69. Bf6 Kd3 70. e5 Ke4 71. e6 1-0

[Event "11e Open International de La Fere"]
[Site "La Fere (FRA)"]
[Date "2012.07.12"]
[Round "7.12"]
[White "Jimenez, Martin"]
[Black "Alloui-Cros, Baptiste"]
[Result "1-0"]
[WhiteElo "1953"]
[BlackElo "1695"]
[PlyCount "87"]
[EventDate "2012.??.??"]

1. d4 Nf6 2. c4 g6 3. Nc3 Bg7 4. Bg5 O-O 5. e4 e6 6. Be2 Na6 7. h4 c5 8. d5 Nc7
9. Qd2 d6 10. Bh6 exd5 11. cxd5 b5 12. Bxg7 Kxg7 13. f3 b4 14. Nd1 Nh5 15. g4
Ng3 16. Rh2 Nxe2 17. Nxe2 h6 18. h5 g5 19. Ne3 Qf6 20. Nf5+ Bxf5 21. gxf5 Qe7
22. Qe3 Nxd5 23. Qd2 Nc7 24. O-O-O Rfd8 25. f4 f6 26. fxg5 fxg5 27. Qe3 Ne8 28.
Rg2 Kh7 29. Nf4 gxf4 30. Qxf4 Nf6 31. Rg6 Qf8 32. Qh4 Ne8 33. f6 Rd7 34. e5 Rf7
35. Qe4 Nxf6 36. exf6 Kh8 37. Qf4 Rh7 38. Rdg1 Qf7 39. Rxh6 Rxh6 40. Qxh6+ Qh7
41. Qf4 d5 42. f7 Qg7 43. Rxg7 Kxg7 44. h6+ 1-0

[Event "11e Open International de La Fere"]
[Site "La Fere (FRA)"]
[Date "2012.07.12"]
[Round "7.13"]
[White "Le Kouaghet, Euen"]
[Black "Gomes, Alexis"]
[Result "1-0"]
[WhiteElo "1920"]
[BlackElo "1607"]
[PlyCount "63"]
[EventDate "2012.??.??"]

1. c4 f5 2. Nc3 Nf6 3. d4 d6 4. Nf3 Nbd7 5. Qc2 g6 6. Ng5 Nb6 7. h4 Bg7 8. e3
e5 9. c5 exd4 10. Qb3 Qe7 11. Nb5 dxc5 12. Bd2 h6 13. O-O-O hxg5 14. exd4 Be6
15. Nxc7+ Qxc7 16. Qxe6+ Qe7 17. Bb5+ Nbd7 18. Qc4 O-O-O 19. Rhe1 Qd6 20. Bxg5
Rde8 21. dxc5 Qxc5 22. Qxc5+ Nxc5 23. Bxe8 Rxe8 24. Rxe8+ Nxe8 25. Rd8+ Kc7 26.
Rxe8 Bd4 27. Be3 Bxe3+ 28. Rxe3 Kd7 29. Rg3 Ne4 30. Rxg6 Nxf2 31. Rg7+ Kc6 32.
h5 1-0

[Event "11e Open International de La Fere"]
[Site "La Fere (FRA)"]
[Date "2012.07.12"]
[Round "7.14"]
[White "Casier, Fabrice"]
[Black "Paris, Pierre-Julien"]
[Result "1/2-1/2"]
[WhiteElo "1769"]
[BlackElo "1592"]
[PlyCount "63"]
[EventDate "2012.??.??"]

1. c4 c5 2. Nc3 b6 3. Nf3 Bb7 4. e3 e6 5. Be2 Nf6 6. O-O Be7 7. d4 d5 8. cxd5
Nxd5 9. Bb5+ Nd7 10. Nxd5 exd5 11. Ne5 Bc8 12. dxc5 O-O 13. Qxd5 Nxe5 14. Qxa8
Bxc5 15. Qe4 Qe7 16. f4 Ng6 17. Qxe7 Nxe7 18. Kh1 Bb7 19. a3 Nf5 20. Re1 a5 21.
Bd2 Rd8 22. Rad1 h5 23. e4 Nh6 24. h3 Rd4 25. Bc3 Rxd1 26. Rxd1 Bxe4 27. Rd8+
Kh7 28. Bd3 Bxd3 29. Rxd3 Nf5 30. Rd5 Ng3+ 31. Kh2 Nf1+ 32. Kh1 1/2-1/2

[Event "11e Open International de La Fere"]
[Site "La Fere (FRA)"]
[Date "2012.07.12"]
[Round "7.15"]
[White "Brugge, Bruno"]
[Black "Voiculescu-Holvad, Stefan"]
[Result "1-0"]
[WhiteElo "1735"]
[BlackElo "1390"]
[PlyCount "141"]
[EventDate "2012.??.??"]

1. c4 Nf6 2. Nc3 e6 3. g3 d5 4. cxd5 exd5 5. d4 Bb4 6. a3 Bxc3+ 7. bxc3 O-O 8.
Nf3 Re8 9. Bg2 Qe7 10. Bg5 h6 11. Bxf6 Qxf6 12. O-O c6 13. Re1 Bf5 14. Nd2 Qg6
15. f3 Re3 16. Qb3 b6 17. Kf2 Re7 18. e4 dxe4 19. fxe4 Bc8 20. Re3 Qe6 21. Rd1
Qxb3 22. Nxb3 Bb7 23. c4 Na6 24. d5 cxd5 25. cxd5 Rd8 26. Red3 Kf8 27. h4 Re5
28. Ke3 g6 29. g4 g5 30. h5 f6 31. Kf3 Ke8 32. Bf1 Nb8 33. Nd4 Bc8 34. Rc3 Re7
35. Bb5+ Kf7 36. Rdc1 Bxg4+ 37. Ke3 Bd7 38. Rc7 Bxb5 39. Nxb5 Rdd7 40. d6 Na6
41. dxe7 Nxc7 42. Rxc7 Rxc7 43. e8=Q+ Kxe8 44. Nxc7+ Kd7 45. Nd5 Ke6 46. Nc7+
Ke5 47. Nb5 f5 48. exf5 Kxf5 49. Kf3 g4+ 50. Kg3 Kg5 51. Nxa7 Kxh5 52. Nc8 Kg5
53. Nxb6 Kf5 54. a4 Ke6 55. Kxg4 Kd6 56. Nc4+ Kc5 57. a5 Kb5 58. Kh5 Ka6 59.
Kxh6 Kb5 60. Kg6 Ka6 61. Kf6 Kb7 62. Ke6 Ka7 63. Kd7 Kb7 64. Kd6 Ka6 65. Kc6
Ka7 66. Kb5 Kb7 67. Nd6+ Ka7 68. a6 Kb8 69. Kb6 Ka8 70. Nb5 Kb8 71. a7+ 1-0

[Event "11e Open International de La Fere"]
[Site "La Fere (FRA)"]
[Date "2012.07.12"]
[Round "7.16"]
[White "Nicolas, Christian"]
[Black "Bardoux, Thierry"]
[Result "0-1"]
[WhiteElo "1716"]
[BlackElo "2157"]
[PlyCount "64"]
[EventDate "2012.??.??"]

1. e4 c5 2. Nc3 e6 3. g3 Nc6 4. Bg2 g6 5. d3 Bg7 6. Bd2 Nge7 7. Nge2 O-O 8. O-O
a6 9. Qc1 Nd4 10. Nxd4 cxd4 11. Ne2 d5 12. Bh6 dxe4 13. dxe4 e5 14. Bxg7 Kxg7
15. c3 d3 16. Rd1 Bg4 17. f3 Qb6+ 18. Nd4 exd4 19. fxg4 d2 20. Rxd2 dxc3+ 21.
Rf2 Rac8 22. bxc3 Qc5 23. Rb1 b5 24. Rb3 Nc6 25. Kf1 Ne5 26. Qf4 Nd3 27. Qf6+
Kg8 28. Rf3 Ne5 29. Rf4 Rc6 30. Qg5 f6 31. Qh6 Qe3 32. g5 Nd3 0-1

[Event "11e Open International de La Fere"]
[Site "La Fere (FRA)"]
[Date "2012.07.12"]
[Round "7.17"]
[White "Mataigne, Jean-Michel"]
[Black "Dagnicourt, Francis"]
[Result "1-0"]
[WhiteElo "2008"]
[BlackElo "1668"]
[PlyCount "67"]
[EventDate "2012.??.??"]

1. e4 d6 2. d4 Nf6 3. Nc3 g6 4. g3 Bg7 5. Bg2 O-O 6. Nge2 e5 7. h3 Nc6 8. Be3
a6 9. a4 Bd7 10. O-O Qc8 11. Kh2 Ne7 12. Qd2 Rd8 13. g4 Rf8 14. Rad1 Nc6 15. f4
exd4 16. Nxd4 Qd8 17. g5 Nh5 18. Nd5 Ne7 19. b3 Nxd5 20. exd5 Rc8 21. Nf3 c6
22. c4 c5 23. Nh4 f5 24. Bf3 Qe7 25. Rde1 Qf7 26. Rg1 Rce8 27. Bxh5 gxh5 28. g6
hxg6 29. Nxg6 Qf6 30. Nxf8 Rxf8 31. Bf2 Kh7 32. Qe2 Qd8 33. Qxh5+ Bh6 34. Qg6+
1-0

[Event "11e Open International de La Fere"]
[Site "La Fere (FRA)"]
[Date "2012.07.12"]
[Round "7.18"]
[White "Lebret, Loriane"]
[Black "Mestdagh, Franck"]
[Result "1/2-1/2"]
[WhiteElo "1655"]
[BlackElo "1975"]
[PlyCount "77"]
[EventDate "2012.??.??"]

1. e4 c5 2. c3 g6 3. d4 cxd4 4. cxd4 Bg7 5. Nf3 d5 6. exd5 Qxd5 7. Nc3 Qd8 8.
Bc4 e6 9. O-O Ne7 10. Bf4 a6 11. Qd2 b5 12. Bb3 Bb7 13. Ne5 O-O 14. Rfd1 Nd5
15. Bh6 Nxc3 16. Bxg7 Kxg7 17. Qxc3 Bd5 18. Rac1 Ra7 19. Qc5 Bxb3 20. axb3 Qe7
21. d5 Qxc5 22. Rxc5 Rd8 23. d6 f6 24. Nc6 Nxc6 25. Rxc6 Kf7 26. Kf1 e5 27. Ke2
Rdd7 28. Ke3 Ke6 29. f4 h5 30. h3 Ra8 31. fxe5 fxe5 32. Ke4 a5 33. Rc5 Rxd6 34.
Rxe5+ Kd7 35. Rxd6+ Kxd6 36. Rxb5 Ra6 37. Rd5+ Ke6 38. Re5+ Kd6 39. Rd5+
1/2-1/2